| 000 | 00736nam a22002297a 4500 | ||
|---|---|---|---|
| 001 | 35516 | ||
| 003 | UA-OsUOA | ||
| 005 | 20210811101202.0 | ||
| 007 | ta | ||
| 008 | 20051205b un ||||| |||| 00| 0 ukr d | ||
| 020 | _a9667784185 | ||
| 040 |
_aUA-OsUOA _bukr _cUA-OsUOA _dUA-OsUOA |
||
| 041 | _aukr | ||
| 080 | _a347.1(477)(075.8) | ||
| 090 |
_a347.1(477)(075.8) _bЦ58 |
||
| 245 |
_aЦивільне право України _bпідручник: у двох книгах _cза ред. О. В. Дзери, Н.С. Кузнєцової _nКн. 2 |
||
| 260 |
_aК. _bЮніком Інтер _c2000 |
||
| 300 | _a784 с. | ||
| 650 | 7 |
_a347 Цивільне право. Судовий устрій _2UDC |
|
| 942 |
_cBK _2udc |
||
| 955 | _a2 | ||
| 999 |
_c321878 _d321878 |
||